The mighty velociraptor / (Record no. 381880)
[ view plain ]
| 000 -LEADER | |
|---|---|
| fixed length control field | 01750cam a2200445 i 4500 |
| 001 - CONTROL NUMBER | |
| control field | 1242019614 |
| 003 - CONTROL NUMBER IDENTIFIER | |
| control field | OCoLC |
| 005 - DATE AND TIME OF LATEST TRANSACTION | |
| control field | 20230308141746.0 |
| 008 - FIXED-LENGTH DATA ELEMENTS--GENERAL INFORMATION | |
| fixed length control field | 210305t20222022mnua j b 001 0 eng |
| 010 ## - LIBRARY OF CONGRESS CONTROL NUMBER | |
| LC control number | 2021010471 |
| 020 ## - INTERNATIONAL STANDARD BOOK NUMBER | |
| International Standard Book Number | 9781728441047 |
| 020 ## - INTERNATIONAL STANDARD BOOK NUMBER | |
| International Standard Book Number | 1728441048 |
| 020 ## - INTERNATIONAL STANDARD BOOK NUMBER | |
| International Standard Book Number | 9781728448169 |
| 020 ## - INTERNATIONAL STANDARD BOOK NUMBER | |
| International Standard Book Number | 1728448166 |
| 035 ## - SYSTEM CONTROL NUMBER | |
| System control number | (OCoLC)1242019614 |
| Canceled/invalid control number | (OCoLC)1295114802 |
| 040 ## - CATALOGING SOURCE | |
| Original cataloging agency | DLC |
| Language of cataloging | eng |
| Description conventions | rda |
| Transcribing agency | DLC |
| Modifying agency | OCLCO |
| -- | OCLCF |
| -- | BDX |
| -- | YDX |
| -- | OCLCO |
| -- | PNX |
| -- | OCLCO |
| -- | UUC |
| -- | GK8 |
| -- | OCLCO |
| -- | ON8 |
| -- | CHILD |
| -- | GL4 |
| -- | XZ7 |
| 042 ## - AUTHENTICATION CODE | |
| Authentication code | pcc |
| 092 ## - LOCALLY ASSIGNED DEWEY CALL NUMBER (OCLC) | |
| Feature heading | E |
| Classification number | 567.912 |
| Item number | LEED |
| 100 1# - MAIN ENTRY--PERSONAL NAME | |
| Personal name | Leed, Percy, |
| Dates associated with a name | 1968- |
| Relator term | author. |
| 9 (RLIN) | 6372950 |
| 245 14 - TITLE STATEMENT | |
| Title | The mighty velociraptor / |
| Statement of responsibility, etc | Percy Leed. |
| 246 30 - VARYING FORM OF TITLE | |
| Title proper/short title | Velociraptor. |
| 263 ## - PROJECTED PUBLICATION DATE | |
| Projected publication date | 2201. |
| 264 #1 - Production, Publication, Distribution, Manufacture, and Copyright Notice. | |
| Place of production, publication, distribution, manufacture | Minneapolis : |
| Name of producer, publisher, distributor, manufacturer | Lerner Publications , |
| Date of production, publication, distribution, manufacture, or copyr | [2022] |
| 264 #4 - Production, Publication, Distribution, Manufacture, and Copyright Notice. | |
| Date of production, publication, distribution, manufacture, or copyr | ©2022. |
| 300 ## - PHYSICAL DESCRIPTION | |
| Extent | 24 pages : |
| Other physical details | color illustrations ; |
| Dimensions | 24 cm. |
| 336 ## - Content Type | |
| Content type term | text |
| 337 ## - Media type | |
| Media type term | unmediated |
| 338 ## - Carrier type | |
| Carrier type term | volume |
| 490 1# - SERIES STATEMENT | |
| Series statement | Mighty dinosaurs. |
| 504 ## - BIBLIOGRAPHY, ETC. NOTE | |
| Bibliography, etc | Includes bibliographical references and index. |
| 505 0# - FORMATTED CONTENTS NOTE | |
| Formatted contents note | Speedy dino! -- Parts of a velociraptor -- Picture glossary -- Learn more -- Index. |
| 520 ## - SUMMARY, ETC. | |
| Summary, etc | "Velociraptor was small but fast! Readers learn all about this speedy dino from head to tail, including its physical features, behavior, and more"-- |
| 521 ## - TARGET AUDIENCE NOTE | |
| Target audience note | Ages 4-7 |
| Source | Lerner Publications. |
| 521 ## - TARGET AUDIENCE NOTE | |
| Target audience note | Grades K-1 |
| Source | Lerner Publications. |
| 650 #0 - SUBJECT ADDED ENTRY--TOPICAL TERM | |
| Topical term or geographic name as entry element | Velociraptor |
| Form subdivision | Juvenile literature. |
| 9 (RLIN) | 5697783 |
| 776 08 - ADDITIONAL PHYSICAL FORM ENTRY | |
| Display text | Online version: |
| Main entry heading | Leed, Percy, 1968- |
| Title | The mighty velociraptor |
| Place, publisher, and date of publication | Minneapolis : Lerner Publications, 2022. |
| International Standard Book Number | 9781728444512 |
| Record control number | (DLC) 2021010472. |
| 830 #0 - SERIES ADDED ENTRY--UNIFORM TITLE | |
| Uniform title | Mighty dinosaurs (Bumba Books) |
| 9 (RLIN) | 6463677 |
| 907 ## - LOCAL DATA ELEMENT G, LDG (RLIN) | |
| a | .b461131638 |
| 942 ## - ADDED ENTRY ELEMENTS (KOHA) | |
| Source of classification or shelving scheme | Dewey Decimal Classification |
| Koha item type | BOOK |
| Withdrawn status | Lost status | Source of classification or shelving scheme | Damaged status | Not for loan | Collection code | Home library | Current library | Shelving location | Date acquired | Source of acquisition | Total Checkouts | Full call number | Barcode | Date last seen | Date checked out | Cost, replacement price | Price effective from | Koha item type |
|---|---|---|---|---|---|---|---|---|---|---|---|---|---|---|---|---|---|---|
| Dewey Decimal Classification | Children NonFiction | Wasatch County Library | Wasatch County Library | Main Floor Childrens Area | 12/17/2025 | Libraria | 2 | E Animals Dinosaurs Leed | 34301002005272 | 02/03/2026 | 01/27/2026 | 19.99 | 12/17/2025 | BOOK |
